عشائر مصاروة الجيزة (زيزياء) من 1864-1958م / (رقم التسجيلة. 34306)

تفاصيل مارك
000 -LEADER
fixed length control field 00565nam a22001937a 4500
005 - DATE AND TIME OF LATEST TRANSACTION
control field 20251108165911.0
008 - FIXED-LENGTH DATA ELEMENTS--GENERAL INFORMATION
fixed length control field 250721s2000 xx 000 0 ara d
082 14 - DEWEY DECIMAL CLASSIFICATION NUMBER
Classification number 929.9565/مصا
100 1# - MAIN ENTRY--PERSONAL NAME
Personal name المصاروة، بشار محمد
245 10 - TITLE STATEMENT
Title عشائر مصاروة الجيزة (زيزياء) من 1864-1958م /
264 1# - PRODUCTION, PUBLICATION, DISTRIBUTION, MANUFACTURE, AND COPYRIGHT NOTICE
Place of production, publication, distribution, manufacture عمان :
Date of production, publication, distribution, manufacture, or copyright notice 2000.
300 ## - PHYSICAL DESCRIPTION
Extent 422ص.
650 17 - SUBJECT ADDED ENTRY--TOPICAL TERM
Topical term or geographic name as entry element العشائر
650 17 - SUBJECT ADDED ENTRY--TOPICAL TERM
Topical term or geographic name as entry element الأنساب
650 17 - SUBJECT ADDED ENTRY--TOPICAL TERM
Topical term or geographic name as entry element الأسرة الموسعة
650 17 - SUBJECT ADDED ENTRY--TOPICAL TERM
Topical term or geographic name as entry element النظام العشائري
942 ## - ADDED ENTRY ELEMENTS (KOHA)
Source of classification or shelving scheme Dewey Decimal Classification
Koha item type كتب
المقتنيات
حالة السحب حالة الفقدان مصدر التصنيف حالة التلف غير قابل للإعارة المكتبة الرئيسية المكتبة الحالية موقع الرف تاريخ التزويد الرقم المتسلسل Total Checkouts رقم الإستدعاء تاريخ آخر ظهور تاريخ الفاتورة نوع المادة (كوها) الباركود
    Dewey Decimal Classification Unchecked   المكتبة المركزية المكتبة المركزية الإعارة 06/07/2004 463360   929.9565/مصا 28/07/2025 06/07/2004 كتب  
    Dewey Decimal Classification   Not For Loan المكتبة المركزية المكتبة المركزية مقتنيات قسم التزويد 06/07/2004 463358   929.9565/مصا 28/07/2025 06/07/2004 كتب 463358
    Dewey Decimal Classification     المكتبة المركزية المكتبة المركزية الإعارة 06/07/2004 463359   929.9565/مصا 28/07/2025 06/07/2004 كتب 463359
    Dewey Decimal Classification   Not For Loan مكتبة تاريخ الأردن مكتبة تاريخ الأردن لا يعار 08/11/2009 1329282   929.9565/مصا 28/07/2025 08/11/2009 كتب PLD00117644
    Dewey Decimal Classification   Not For Loan مكتبة تاريخ الأردن مكتبة تاريخ الأردن لا يعار 14/09/2015 1605356   929.9565/مصا 28/07/2025 14/09/2015 كتب PLD00346827
    Dewey Decimal Classification     مكتبة وادي السير العامة مكتبة وادي السير العامة الإعارة 29/02/2016 463372   929.9565/مصا 28/07/2025 29/02/2016 كتب PLD00376862
Implemented & Customized by: BBB with SCIT (Smart Chains for Information Technology)

Powered by Koha